Statistiques concernant Culture Générale - Série 398

Cliquez ici pour prendre le quiz!

Statistiques générales

  • Ce quiz a été pris 376 fois
  • Le résultat moyen est 8 sur 10

Statistiques - réponses

QuestionRéponse% Correct
Combien de grammes compte un kilogramme ?Mille
99%
De quelle céréale dit-on que le grain est gluant, long ou basmati ?Le riz
97%
A quel artiste français doit-on les chansons "La Bohème" et "Je m'voyais déjà" dans les années 1960 ?Charles Aznavour
92%
Quel est le nom du capitaine à la barbe noire qui accompagne Tintin dans ses aventures ?Haddock
90%
Quelles confiseries d'Annie sont à l'anis dans la chanson de Serge Gainsbourg ?Les sucettes
88%
Comment appelle-t-on couramment le mâle de l'oie domestique ?Le jars
77%
En 1996, quelle reine de la pop a incarné Eva Peron dans le film "Evita" ?Madonna
75%
A quelle partie du corps se rapporte l'adjectif "pectoral" ?La poitrine
69%
Quel cinéaste espagnol a réalisé les films "Talons aiguilles" et "Etreintes brisées" ?Pedro Almodovar
68%
En 1992, quel chanteur a reçu le César du meilleur acteur pour son interprétation dans le film "Van Gogh" ?Jacques Dutronc
34%

Distribution des résultats

Percentile par nombre de réponses

% des personnes avec chaque résultat

Votre développement - résultats

Vous n’avez pas pris ce quiz